000 00582nam a2200169 i 4500
001 56065
003 ES-MaACL
005 20230906163257.0
007 t|
008 031002s1939 sp ||||1| spa d
100 1 _aDíaz-Plaja, Fernando,
_d1918-2012
_944396
245 1 0 _aBizancio y la herencia de Roma
_b: conferencia dada en el Ateneo Barcelonés el día 11 de diciembre de 1939 /
_cFernando Díaz-Plaja.
260 _aBarcelona :
_b[Edit. Solidaridad Nacional,
_c1939?]
300 _a15 p. ;
_c22 cm.
852 _aES-MaACL
_j1833-F-12
_bR.19643
999 _c56065
_d56065